00771 a2200385 4500000002100000001000700021005001700028008004100045010000500086020001800091082001900109100002100128110000500149245006000154250000500214260004800219300001000267490000700277500000500284600000500289610000500294611000500299630001400304650000500318651000500323654000500328700000900333710000900342711000500351720000500356730000500361740000500366752000500371856000900376BKB 13663220200902153055.0  a a9780070992900 a547.1223bE43S1 aEliel, Ernest L. a1 aStereochemistry of carbon compoundscby Ernest L. Eliel a aNew DelhibTata McGraw Hill Educationc2010 a486p. av a a a a aChemistry a a a abc abc a a a a a adf